| 000 | 01104nam a22003135a 4500 | ||
|---|---|---|---|
| 003 | EG-ScBUE | ||
| 005 | 20211025094822.0 | ||
| 008 | 100810s2010 ua o f 000 0aara d | ||
| 017 | _a2005 / 10571 | ||
| 020 | _a9770912883 | ||
| 040 |
_aEG-ScBUE _bara _erda _cEG-ScBUE _dEG-ScBUE |
||
| 082 | 0 | 4 |
_a540.92 _bز و ي _222 |
| 100 | 1 |
_aزويل، أحمد، _d1946-2016، _eمؤلف. _917378 |
|
| 245 | 1 | 0 |
_aعصر العلم / _cأحمد زويل ؛ تقديم نجيب محفوظ. |
| 250 | _aالطبعة الثالثة عشرة. | ||
| 264 | 1 |
_aالقاهرة : _bدار الشروق، _c2010. |
|
| 300 |
_a259 صفحة : _bصور ؛ _c24 سم |
||
| 336 |
_2rdacontent _aنص _btxt |
||
| 337 |
_2rdamedia _aبدون وسيط _bn |
||
| 338 |
_2rdacarrier _aمجلد _bnc |
||
| 541 | _cإهداء. | ||
| 600 | 1 | 7 |
_aزويل، أحمد، _d1946-2016، _2BUEsh |
| 650 | 7 |
_aالكيميائيون المصريون _vتراجم. _2BUEsh _921508 |
|
| 651 | _2BUEsh | ||
| 653 |
_bGGEN _cDecember2017 |
||
| 655 |
_vReading book _934232 |
||
| 700 | 1 |
_aمحفوظ، نجيب، _d1911-2006، _eمقدم. |
|
| 942 | _2ddc | ||
| 999 |
_c5490 _d5490 |
||